Fundamentals of computer graphics and multimedia (Record no. 3901)

MARC details
000 -LEADER
fixed length control field 00555cam a2200205ua 4500
008 - FIXED-LENGTH DATA ELEMENTS--GENERAL INFORMATION
fixed length control field 160812n ii |||gr||||Z||||||eng
020 ## - INTERNATIONAL STANDARD BOOK NUMBER
International Standard Book Number 80-203-1446-8
040 ## - CATALOGING SOURCE
Transcribing agency MAIN
041 ## - LANGUAGE CODE
-- eng
082 ## - DEWEY DECIMAL CLASSIFICATION NUMBER
Classification number 006.6
100 ## - MAIN ENTRY--PERSONAL NAME
Personal name Mukherjee, D. P.,
245 ## - TITLE STATEMENT
Title Fundamentals of computer graphics and multimedia
Statement of responsibility, etc. by D. P. Mukherjee
250 ## - EDITION STATEMENT
Edition statement 9th.
260 ## - PUBLICATION, DISTRIBUTION, ETC.
Place of publication, distribution, etc. New Delhi:
Name of publisher, distributor, etc. Prentice hal india,
Date of publication, distribution, etc. 2006.
300 ## - PHYSICAL DESCRIPTION
Extent 182p:
Dimensions 25cm.
942 ## - ADDED ENTRY ELEMENTS (KOHA)
Koha item type Books
653 ## - INDEX TERM--UNCONTROLLED
Uncontrolled term Computer science
653 ## - INDEX TERM--UNCONTROLLED
Uncontrolled term Fundamentals of computer graphics and multimedia
Holdings
Withdrawn status Lost status Damaged status Not for loan Home library Current library Shelving location Date acquired Total Checkouts Full call number Barcode Date last seen Copy number Price effective from Koha item type
        Central Library, Naharkatiya College Central Library, Naharkatiya College General Stacks 19/09/2020   006.6 | MUK 17139 19/09/2020 2 19/09/2020 Books
        Central Library, Naharkatiya College Central Library, Naharkatiya College General Stacks 19/09/2020   006.6 | MUK 20419 19/09/2020 1 19/09/2020 Books

Naharkatiya College © 2020. All rights reserved.

Powered By